Quel sport est ainsi illustré sur Wikipedia ? Lettres L M & N - Statistiques

Statistiques générales
  • Ce quiz a été pris 25 fois
  • Le résultat moyen est 11 sur 20
Statistiques - réponses
Par images Hint Réponse % Correct
1 mot Natation
96%
1 mot Lutte
88%
1 mot Marathon
80%
3 lettres ou 3 mots M M A | Arts martiaux mixtes
76%
1 mot Motoneige
72%
2 mots Natation synchronisée | Natation artistique
72%
3 mots Lancer de disque
68%
3 mots Lancer de poids
68%
1 mot Luge
68%
2 mots Marche nordique
68%
1 mot Monocycle
68%
1 mot Motocross
68%
3 mots Lancer de marteau
64%
1 mot Musculation
60%
1 mot Mini-golf
56%
3 mots Lancer du javelot
40%
2 mots Marche athlétique
20%
1 mot Nautisme
12%
1 mot Netball
4%
1 mot Naban
0%
Aucun quiz correspondant
Distribution des résultats
% des personnes avec chaque résultat
Percentile par nombre de réponses
Votre historique - résultats
Vous n’avez pas pris ce quiz